Azul...

שמור ב:
מידע ביבליוגרפי
מחבר ראשי: Darío, Rubén
פורמט: ספר
שפה:Undetermined
יצא לאור: Madrid, España Espasa-Calpe 1968
מהדורה:15
נושאים:
תגים: הוספת תג
אין תגיות, היה/י הראשונ/ה לתייג את הרשומה!

MARC

LEADER 00000nam a2200000Ia 4500
008 170316s9999 xx 000 0 und d
040 |a cru BVZT 
090 |a 860 D-3az 
100 |a Darío, Rubén 
245 |a Azul... 
250 |a 15 
260 |a Madrid, España 
260 |b Espasa-Calpe 
260 |c 1968 
300 |a 152 páginas 
650 |a LITERATURA LATINOAMERICANA 
942 0 0 |0 1 
999 |c 8610  |d 8610